BUSINESS COMMUNICATION TODAY (Record no. 30517)

MARC details
000 -LEADER
fixed length control field 00390nam a22001697a 4500
003 - CONTROL NUMBER IDENTIFIER
control field OSt
005 - DATE AND TIME OF LATEST TRANSACTION
control field 20220216095727.0
008 - FIXED-LENGTH DATA ELEMENTS--GENERAL INFORMATION
fixed length control field 220216b |||||||| |||| 00| 0 eng d
020 ## - INTERNATIONAL STANDARD BOOK NUMBER
International Standard Book Number 0137830025
040 ## - CATALOGING SOURCE
Transcribing agency HU
082 ## - DEWEY DECIMAL CLASSIFICATION NUMBER
Classification number 658.45
100 ## - MAIN ENTRY--PERSONAL NAME
Personal name Bovee.courtadn
9 (RLIN) 30630
245 ## - TITLE STATEMENT
Title BUSINESS COMMUNICATION TODAY
260 ## - PUBLICATION, DISTRIBUTION, ETC.
Place of publication, distribution, etc. AMERICA
Name of publisher, distributor, etc. Ltd
Date of publication, distribution, etc. 1995
300 ## - PHYSICAL DESCRIPTION
Extent 730
942 ## - ADDED ENTRY ELEMENTS (KOHA)
Source of classification or shelving scheme Dewey Decimal Classification
Koha item type Books like text book referance book
Suppress in OPAC No
Holdings
Withdrawn status Lost status Source of classification or shelving scheme Damaged status Not for loan Home library Current library Shelving location Date acquired Total Checkouts Full call number Barcode Date last seen Copy number Price effective from Koha item type
    Dewey Decimal Classification     College of Business and Economics Library College of Business and Economics Library General Stacks 02/16/2022   658.45/BOV MBELIB00005949 02/16/2022 1 02/16/2022 Books like text book referance book
    Dewey Decimal Classification     College of Business and Economics Library College of Business and Economics Library General Stacks 02/16/2022   658.45/BOV MBELIB00005950 02/16/2022 2 02/16/2022 Books like text book referance book
    Dewey Decimal Classification     College of Business and Economics Library College of Business and Economics Library General Stacks 02/16/2022   658.45/BOV MBELIB00005951 02/16/2022 3 02/16/2022 Books like text book referance book
    Dewey Decimal Classification     College of Business and Economics Library College of Business and Economics Library General Stacks 02/16/2022   658.45/BOV MBELIB00005952 02/16/2022 4 02/16/2022 Books like text book referance book
    Dewey Decimal Classification     College of Business and Economics Library College of Business and Economics Library General Stacks 02/16/2022   658.45/BOV MBELIB000005927 02/16/2022 7 02/16/2022 Books like text book referance book
    Dewey Decimal Classification     College of Business and Economics Library College of Business and Economics Library General Stacks 02/16/2022   658.45/BOV MBELIB000005929 02/16/2022 2022-01-14 02/16/2022 Books like text book referance book
    Dewey Decimal Classification     College of Business and Economics Library College of Business and Economics Library General Stacks 02/17/2022   658.45/BOV MBEIJB 000005831 02/17/2022 18 02/17/2022 Books like text book referance book
    Dewey Decimal Classification     College of Business and Economics Library College of Business and Economics Library General Stacks 02/17/2022   658.45/BOV MBEIJB 00005932 02/17/2022 20 02/17/2022 Books like text book referance book
    Dewey Decimal Classification     College of Business and Economics Library College of Business and Economics Library General Stacks 03/28/2022   658.45/BOV MBELIB00007128 03/28/2022 13 03/28/2022 Books like text book referance book